000 00558nam a2200169 i 4500
001 25695
003 ES-MaACL
007 t|
008 030102s1955 sp ||||1| spa d
100 1 _aAristeguieta, Jean.
_922855
245 1 3 _aLa poesía de Jean Aristeguieta
_b: (Estudio y Antología) /
_cJean Aristeguieta, Hugo Emilio Pedemonte.
260 _aMadrid :
_bAgora,
_c1955 (
_fOrbe)
300 _a238 p. :
_bretr. aut. ;
_c21 cm.
700 0 _aPedemonte, Hugo Emilio,
_d1922-1994
_989865
852 _aES-MaACL
_jC-9625
_bR.37558
999 _c25695
_d25695